000
00296nam a22001337a 4500
008
171020b xxu||||| |||| 00| 0 eng d
020
_a
9780135343555
041
_a
eng
080
_a
338
100
_a
54
101
_a
MEN
245
_a
BUILDING MANAGING THE DATA
_c
RAMON,B
942
_2
udc
_c
BK
999
_c
35166
_d
35166